|
|
|
|
| LEADER |
00000nab a2200000 a 4500 |
| 001 |
vtls000056921 |
| 003 |
SK-MaSNL |
| 005 |
20260304073837.0 |
| 008 |
250423c1980 xo 0 slo |
| 015 |
|
|
|a SNBRB19rr/mm-uuuuu
|
| 035 |
|
|
|a CL0067018
|
| 035 |
|
|
|a urn:nbn:sk:snk-abb8ov
|
| 035 |
|
|
|a (urnnbn)urn:nbn:sk:snk:ar-0057gj
|
| 035 |
|
|
|a (uuid)8e6ba7a4-292a-4771-b9fa-1023a51c1bdd
|
| 040 |
|
|
|a SNKBUCL
|b slo
|c SNKBUCL
|e AACR2
|
| 041 |
0 |
|
|a slo
|
| 044 |
|
|
|a xo
|c SK
|
| 080 |
|
|
|a 82(091):892.7"18-19"
|2 1981
|
| 080 |
|
|
|a 892.7"18-19"
|2 1981
|
| 080 |
|
|
|a 892.7(091)"18-19"
|2 1981
|
| 080 |
|
|
|a 82.06
|2 1981
|
| 080 |
|
|
|a 892.7"19"
|2 1981
|
| 100 |
1 |
|
|a L.D.
|4 aut
|9 907602
|
| 245 |
1 |
0 |
|a Stretnutie s arabskou poviedkou
|c L.D.
|
| 650 |
0 |
7 |
|a arabská literatúra
|2 snkbucl
|9 1438
|
| 650 |
0 |
7 |
|a poviedka arabská
|2 snkbucl
|9 1362854
|
| 650 |
0 |
7 |
|a poviedka egyptská
|2 snkbucl
|9 1362855
|
| 650 |
0 |
7 |
|a poviedka sýrska
|2 snkbucl
|9 1362856
|
| 650 |
0 |
7 |
|a poviedka iracká
|2 snkbucl
|9 1362857
|
| 655 |
|
7 |
|a články z novín a časopisov
|2 snkbucl
|9 267496
|
| 655 |
|
7 |
|a články z odboru literárna veda a krásna literatúra
|2 snkbucl
|9 770045
|
| 773 |
0 |
|
|t Revue svetovej literatúry
|g Roč. 16, č. 1 (1980), s. 68-69
|
| 850 |
|
|
|a Slovenská národná knižnica
|
| 852 |
|
|
|a Slovenská národná knižnica
|
| 958 |
|
|
|a article15
|
| 958 |
|
|
|a RK
|
| 958 |
|
|
|a LX
|
| 958 |
|
|
|a OND
|
| 958 |
|
|
|a EUIPO
|
| 999 |
|
|
|c 2773533
|d 2775463
|